00314nam a22001337a 4500003000400000008004100004020001800045082001400063100001800077245004100095250001100136260002500147300000800172OSt250418b |||||||| |||| 00| 0 eng d a9789355518071 a530.8 JAG aJAISWAL,Sumit aGit Repository Management in 30 Days a1st Ed aNew DelhibBPBc2023 a269